000
00342nam a2200133Ia 4500
008
151001s9999||||xx |||||||||||||| ||und||
100
_a
हरी नारायण आपटे
245
_a
सूर्यग्रहण
250
_a
1
260
_b
पटवर्धन वि अ
260
_c
1969
300
_a
140
365
_b
18
999
_c
958971
_d
958968